000 00349nam a2200145Ia 4500
003 OSt
005 20240228144149.0
008 170524s9999 xx 000 0 und d
020 _a978-9352028863
040 _cIIMT UNIVERSITY
100 _aChunawalla SA
245 0 _aAdvertisingSales & Promotion Management
260 _aHimalaya
942 _2ddc
_c01
999 _c3037
_d3037